Movies Quiz

Random Movies or Actor Quiz

Goonies Characters Quiz Stats

 Plays Quiz Updated Feb 7, 2020

     
Support Sporcle.
Go Orange.
Score 0/8 Timer 02:00
0 Plays Today
Actor Character % Correct
Jeff CohenLawrence 'Chunk' Cohen
92.5%
Corey FeldmanClark 'Mouth' Devereaux
79%
Jonathan Ke QuanRichard 'Data' Wang
74.1%
Sean AstinMikey Walsh
72.8%
John MatuszakLotney 'Sloth' Fratelli
65.4%
Josh BrolinBrand Walsh
57.5%
Kerri GreenAndy Carmichael
50.5%
Martha PlimptonStef Steinbrenner
20.5%

From the Vault

Super-Diverse Countries

by SporcleEXP

These countries are so diverse they don't even have a word for it.
Remove Ads.
Support Sporcle.
Get the best of Sporcle when you Go Orange. This ad-free experience offers more features, more stats, and more fun while also helping to support Sporcle. Thank you for becoming a member.

Show Comments

Extras

Top Quizzes Today


Score Distribution

Your Account Isn't Verified!

In order to create a playlist on Sporcle, you need to verify the email address you used during registration. Go to your Sporcle Settings to finish the process.

Report this User

Report this user for behavior that violates our Community Guidelines.

Details: